00158 a2200073 450000100060000010000140000624500330002026000310005313372 aMoussa, P athe under privileged nations aLondonbSigwidke Jacksonc